[Event "Amsterdam Euwe Memorial"]
[Site "Amsterdam"]
[Date "1994.05.13"]
[Round "2"]
[White "Ivanchuk, Vassily"]
[Black "Timman, Jan H"]
[Result "1/2-1/2"]
[WhiteElo "2710"]
[BlackElo "2620"]
[Annotator "Ftacnik,L"]
[PlyCount "53"]
[EventDate "1994.05.12"]
[EventType "tourn"]
[EventRounds "6"]
[EventCountry "NED"]
[EventCategory "18"]
[SourceTitle "CBM 041"]
[Source "ChessBase"]
[SourceDate "1994.08.01"]
[SourceVersion "1"]
[SourceVersionDate "1994.08.01"]
[SourceQuality "1"]

1. d4 Nf6 2. c4 e6 3. Nf3 b6 4. g3 Ba6 5. Nbd2 Bb7 6. Bg2 Be7 7. e4 Nxe4 8. Ne5
Bb4 9. Qg4 O-O 10. Bxe4 f5 11. Bxb7 fxg4 12. Bxa8 c6 13. O-O Qc7 14. Ne4 Be7
15. Rd1 $5 $146 (15. Bf4 d6 16. Nxg4 Na6 $1 (16... Nd7 $2 17. c5 $1 bxc5 18.
dxc5 e5 19. cxd6 Bxd6 20. Rad1 Be7 (20... exf4 21. Rxd6 Rxa8 22. Rxd7 $1 Qxd7
23. Ngf6+ $18) 21. Rxd7 $1 Qxd7 22. Nxe5 $18 {Tukmakov,V-Razuvajev,Y/URS/1993/}
) 17. c5 bxc5 18. dxc5 e5 $10 {Timman}) 15... Na6 (15... d6 16. d5 $1 exd5 17.
cxd5 dxe5 18. Be3 cxd5 19. Bxd5+ Kh8 20. Rac1 Qd7 $13) 16. Bxc6 dxc6 17. Bf4
Qb7 18. Nxg4 Nb4 19. Bd6 $6 (19. a3 $6 Nc2 $1 20. Rac1 c5 21. Nxc5 bxc5 22.
Rxc2 Qe4 $1 $13) (19. Nd6 $5 Qd7 20. c5 Nd5 21. Be5 $14) (19. Ne3 $5) 19... c5
$1 20. Bxe7 Qxe4 21. Bxf8 Qxg4 (21... Kxf8 $6 22. f3 $14) 22. Bd6 Nc2 23. dxc5
$1 (23. Rac1 $6 Nxd4 $17) 23... Nxa1 24. Rxa1 Qd4 $1 (24... Qxc4 $6 25. cxb6
axb6 26. Be5 $14) (24... bxc5 $6 25. Bxc5 $14) 25. Re1 bxc5 26. Be5 Qxc4 27. a3
1/2-1/2

[Event "Munich SKA"]
[Site "Munich"]
[Date "1994.05.28"]
[Round "7"]
[White "Ivanchuk, Vassily"]
[Black "Huebner, Robert"]
[Result "1-0"]
[WhiteElo "2710"]
[BlackElo "2610"]
[Annotator "Ernst,T"]
[PlyCount "177"]
[EventDate "1994.05.21"]
[EventType "tourn"]
[EventRounds "11"]
[EventCountry "GER"]
[EventCategory "16"]
[SourceTitle "CBM 042"]
[Source "ChessBase"]
[SourceDate "1994.10.01"]
[SourceVersion "1"]
[SourceVersionDate "1994.10.01"]
[SourceQuality "1"]

{CBM 43} 1. e4 e5 2. Nf3 Nc6 3. Bb5 a6 4. Ba4 d6 5. O-O Bd7 (5... Bg4 6. h3 Bh5
(6... h5 $5 7. d4 $1 $36) 7. c3 Qf6 8. g4 $1 Bg6 9. d4 Bxe4 10. Nbd2 $16 {
Fischer,R-Geller,E/Bled/1961/1-0/ Modern Classics}) (5... b5 $5 {Interesting}
6. Bb3 Na5 $5 {The Norway Variation}) 6. d4 (6. c3 Nge7 (6... g6) 7. d4 Ng6)
6... exd4 (6... b5 $5 7. Bb3 Nxd4 8. Nxd4 exd4 9. c3 $1 (9. Qxd4 $2 c5 $1 10.
Qd5 c4 $19) 9... dxc3 10. Qh5 $5 g6 11. Qd5 Be6 12. Qc6+ Bd7 13. Qxc3 $36) (
6... Nge7 7. d5 $1 Nb8 8. c4 $14) (6... Nf6 $5 7. Bxc6 Bxc6 8. Re1 Be7 (8...
Bxe4 $6 9. Nc3 $1 $36) 9. Nc3 exd4 (9... O-O $2 {Tarrasch,S} 10. dxe5 dxe5 11.
Qxd8 Raxd8 12. Nxe5 Bxe4 $2 13. Nxe4 Nxe4 14. Nd3 $1 f5 15. f3 Bc5+ 16. Nxc5 $1
(16. Kf1 $2 Bb6 17. fxe4 fxe4+ $15) 16... Nxc5 17. Bg5 Rd5 18. Be7 Re8 19. c4
$18) 10. Nxd4 $14 {/\Nd4-f5}) 7. Nxd4 (7. Bxc6 $5 Bxc6 (7... bxc6 $1 $13) 8.
Nxd4 Nf6 9. Re1 Be7 10. Nc3 {cf. 6...Nf6 ;><f5}) 7... b5 8. Nxc6 Bxc6 9. Bb3
Nf6 10. f3 {? Ivanchuk} (10. Nc3 Be7 $10) (10. Re1 Be7 11. c4 O-O $1 {Ivanchuk}
12. Nc3 Re8 $13) (10. c4 {!? Ivanchuk}) 10... Be7 11. c4 O-O {? Huebner} (11...
b4 $142 12. Ba4 (12. a3 a5 13. axb4 (13. Ba4 Qd7 {Dies ist nicht profitabel
für Weiß.}) 13... axb4 14. Rxa8 Qxa8 15. Bd2 Qb7 16. Qe1 (16. Ba4 $2 Qa7+)
16... O-O 17. Bxb4 $2 Rb8) (12. Be3 Nd7 {/\Lf6 Schwarz hat ein äußerst
komfortables Spiel.}) 12... Qd7 13. Bxc6 Qxc6 14. b3 Nd7 15. Bb2 Bf6 {mit
bequemem Ausgleich. Huebner}) 12. Nc3 $1 b4 {Eine weitere Ungenauigkeit.
Huebner} (12... Re8) (12... Nd7 $142 {Huebner} 13. cxb5 axb5 14. Bd5 (14. Nd5
Nc5 {Schwarz hat keine Probleme}) 14... Bxd5 15. Nxd5 (15. Qxd5 b4 $10) 15...
c6 16. Nxe7+ Qxe7 $10) 13. Nd5 Nxd5 14. cxd5 Bb5 15. Rf2 c5 $2 (15... a5 16.
Be3 a4 17. Bc2 c5 18. dxc6 Bxc6 $14 {Ivanchuk}) 16. dxc6 Qb6 17. Qe1 {DIAGRAMM}
d5 {? Huebner} (17... Bxc6 18. Be3 $16 {White has the much better pawnstructur.
} Qb7 {Huebner} 19. Bd4 (19. Rc2 Bf6 20. Rac1 Rac8 {Diese Zugfolge verspricht
dem Weißen nicht mehr.} 21. Rxc6 $2 Rxc6 22. Bd5 Rxc1) 19... Bh4 20. g3 Bg5 {
Weiß steht zwar deutlich besser, aber Schwarz braucht noch lange nicht
verzweifeln. Huebner}) 18. Bxd5 (18. Be3 $143 d4 {Schwarz hat ein gutes Spiel.
Huebner}) (18. exd5 $2 Bc5 {/\ 19... Tae8 nebst Te8-e2 Dies wäre fatal für
Weiß. Huebner}) 18... Bc5 19. c7 $3 {This is, what Black missed, when he
played 15...c5.} Ra7 20. Bf4 Rc8 21. Rc1 Raxc7 22. Bxc7 Rxc7 23. Rxc5 Qxc5 {
White is a pawn up, but the position is not clearly lost for Black.} 24. g3 Bc4
25. Kg2 g6 26. Rd2 h5 27. Qf2 Kf8 28. Rd4 Bxd5 29. exd5 Rd7 30. Qd2 Rd6 31. h3
a5 32. g4 hxg4 33. hxg4 Kg8 34. Qd3 Qc1 35. Qe2 Qg5 36. Qe4 Qf6 37. Rd2 g5 {
preventing f4} 38. Kg3 Kf8 39. Qe3 Kg7 40. Kg2 Kg6 41. a3 bxa3 42. Qxa3 Qd8 43.
Qc3 Qb6 44. Rd1 Qb4 45. Qh8 Qf4 46. Qg8+ Kf6 47. Qh8+ Kg6 48. Kf2 a4 49. Rd4
Qc1 50. Qg8+ Kf6 51. Qf8 {DIAGRAMM} Qc5 $2 (51... Qxb2+ $142 $1 52. Kg3 Qb6 $10
53. Qh6+ {Huebner} (53. Rd1 {Dies ist keine Verbesserung.} Qc7 54. Kh3 Qd8)
53... Ke7 54. Qxg5+ (54. Re4+ {wirkungslos} Kd7 {/\55... Th6, 55... Dg1}) 54...
Kf8 {Schwarz hat vorzügliche Remisaussichten. Huebner} 55. Rxa4 (55. Qe5 f6 (
55... a3 $2 56. Qh8+ Ke7 57. Re4+ Kd7 58. Qe8+ Kc7 59. Re7+ Rd7 60. Rxd7#) 56.
Qe4 (56. Qe3 Qa7) 56... a3 57. Ra4 (57. Rd1 Qc7 {Der starke a-Bauer sollte
Schwarz das Remis sichern.}) 57... Qg1+ 58. Kf4 Qc1+ 59. Qe3 Qxe3+ 60. Kxe3
Rxd5 {Das Turmendspiel ist remis.}) (55. Rd1 Qc7 56. Qf4 a3 57. Ra1 (57. Rh1
Rd7) 57... Qc5 58. Rh1 Qxd5 {Schwarz sollte nicht verlieren.}) 55... Qg1+ {
Dauerschach} 56. Kf4 $4 Qc1+ {Huebner}) 52. Qh6+ Ke5 (52... Ke7 53. Qxg5+ Kd7
54. Qf5+ {/\ 55.De4 Weiß behält zwei Mehrbauern. Huebner}) 53. Qg7+ Rf6 $8 (
53... f6 $2 54. Qe7+ $3 Kxd4 55. Qe4#) 54. Qxg5+ Kxd4 55. Qxf6+ Kxd5+ 56. Kg3
$18 Qc7+ 57. Kh4 Qd7 58. Kg5 Kc4 59. Qc3+ Kb5 60. f4 Qd8+ 61. Kh5 Qg8 62. g5
Qg6+ 63. Kg4 Qe6+ 64. Kg3 Qb6 65. Kf3 Qg6 66. Qd4 Qh5+ 67. Kg3 Qg6 68. Qd5+ Kb4
69. Kg4 Qh7 70. Qb7+ Ka5 71. b4+ axb3 72. Qxb3 Qg7 73. Qb8 Qh7 74. f5 Qh1 75.
Qe5+ Kb4 76. Qe2 Kc5 77. f6 Qg1+ 78. Kf5 Qb1+ 79. Kf4 Qh7 80. Qe5+ Kb6 81. Qd6+
Kb5 82. Qd5+ Kb6 83. Kg4 Qg8 84. Qb3+ Kc5 85. Qc2+ Kd6 86. Qd3+ Ke5 87. Qf5+
Kd6 88. g6 fxg6 89. Qf4+ 1-0

[Event "Munich SKA"]
[Site "Munich"]
[Date "1994.05.30"]
[Round "8"]
[White "Ivanchuk, Vassily"]
[Black "Gelfand, Boris"]
[Result "1/2-1/2"]
[WhiteElo "2710"]
[BlackElo "2685"]
[Annotator "Gelfand,B"]
[PlyCount "101"]
[EventDate "1994.05.21"]
[EventType "tourn"]
[EventRounds "11"]
[EventCountry "GER"]
[EventCategory "16"]
[SourceTitle "CBM 042"]
[Source "ChessBase"]
[SourceDate "1994.10.01"]
[SourceVersion "1"]
[SourceVersionDate "1994.10.01"]
[SourceQuality "1"]

1. e4 c5 2. Nc3 d6 3. g3 Nc6 4. Bg2 g6 5. f4 Bg7 6. Nf3 e6 7. Ne2 Nge7 8. O-O (
8. d4 cxd4 9. Nexd4 Nxd4 10. Nxd4 O-O $10) 8... O-O 9. c3 f5 10. d3 b6 11. Be3
(11. exf5 $5 gxf5 12. d4 Bb7 13. Ng5 Qd7 {Gabriel-Wirthenson/1990/}) 11... Qd7
(11... Kh8 {Liljedahl-Popov,1974,17\344}) 12. h3 Bb7 13. a3 (13. g4 $5) 13...
Rae8 14. Qa4 $6 Ne5 15. Qxd7 (15. Qc2 Nxf3+ (15... Nxd3 16. exf5) 16. Bxf3 $10)
15... Nxd7 16. Ng5 $6 (16. Nd2 Ba6 17. Nc1 $15 {\=}) 16... Nc8 17. Rfe1 (17.
exf5 Bxg2 18. Kxg2 exf5 (18... gxf5 19. g4) 19. Kf2 $15 {\=}) (17. h4 $5) 17...
h6 18. Nf3 c4 $1 (18... Ba6 19. Nh4 $1 (19. Rad1 $6 Bxd3 20. Rxd3 fxe4)) (18...
fxe4 19. Nh4) 19. dxc4 $6 (19. exf5 exf5 (19... cxd3 20. fxe6 dxe2 21. exd7 $18
) 20. Nh4 (20. Nc1 $1 $10) 20... Bxg2 (20... Ba6 $5) 21. Nxg2 cxd3 22. Nd4 (22.
Nc1 Nc5 23. Rd1) 22... Nc5 23. Red1 $17) 19... Bxe4 20. Nfd4 (20. Nd2 Bxg2 21.
Kxg2 e5 $17) 20... Nc5 21. Bxe4 Nxe4 $17 22. a4 Rf7 23. Kg2 (23. a5 e5 24. Nb5
a6) 23... e5 24. Nc2 Rc7 25. b3 (25. Na3 Rce7 $17) 25... Rce7 (25... d5 $5 26.
Na3 dxc4 27. Nxc4 exf4 28. Nxf4 (28. Bxf4 Rce7 $19) 28... Bxc3 29. Nd5 Rxc4 30.
bxc4 Bxe1 31. Rxe1 $17) 26. h4 (26. Rad1 Kh7 $17) 26... Nc5 (26... Kh7 $5) (
26... exf4 27. Nxf4 Bxc3 28. Nd5 Bxe1 29. Nxe7+ Nxe7 (29... Rxe7 30. Rxe1 $17)
30. Nxe1 $1) 27. Rab1 (27. Bxc5 dxc5 28. Rad1 exf4 $19) 27... Kh7 28. Kf3 Ne4
29. fxe5 (29. Rbd1 exf4) 29... dxe5 30. Rbd1 Ncd6 31. Bc1 Nb7 32. Ba3 Rf7 33.
Rd5 Nbc5 34. Rb1 Nf6 35. Rdd1 Nd3 36. Ne3 e4+ (36... Ng4 $1 37. Nxg4 (37. Nd5
e4+ 38. Kg2 g5 $17 {\-+}) 37... fxg4+ 38. Ke3 Rf3+ 39. Kd2 e4 $19) (36... f4 $1
37. gxf4 exf4 38. Rxd3 (38. Nd5 Ne5+) 38... fxe3 39. Kg2 Ng4 40. Rf1 Nf2 $19)
37. Kg2 Nd7 (37... Ng4 $1 38. Nxg4 fxg4 39. Rf1 $17) 38. Rf1 N7e5 $2 (38... h5
$17) 39. h5 Nf3 40. hxg6+ Kxg6 41. Rbd1 Kh7 42. Nd5 Re6 (42... Be5 $2 43. Rxf3
exf3+ 44. Kxf3 Nc5 45. Bxc5 bxc5 46. b4 $44) (42... Bh8 $1 {/\Re8-g8. There is
no counterplay for White (Ivanchuk).}) (42... h5 $5) 43. Nef4 Nxf4+ 44. Nxf4
Rc6 45. Ne2 Be5 46. Bc1 Rg6 47. Bf4 (47. Rxf3 $5 exf3+ 48. Kxf3 $44) 47... Bxf4
(47... Rfg7 $3 {Ivanchuk} 48. Bxe5 Nxe5 49. Rd8 (49. Rxf5 $2 Ng4 $17) 49... Ng4
) (47... Bxf4) 48. Nxf4 Rg5 49. Rh1 $1 Ne5 50. Rd6 Ng4 51. Kf1 $14 1/2-1/2

[Event "PCA/Intel-GP"]
[Site "New York"]
[Date "1994.??.??"]
[Round "1"]
[White "Tiviakov, Sergei"]
[Black "Ivanchuk, Vassily"]
[Result "0-1"]
[WhiteElo "2640"]
[BlackElo "2695"]
[PlyCount "136"]
[EventDate "1994.06.??"]
[EventType "k.o. (rapid)"]
[EventRounds "4"]
[EventCountry "USA"]
[SourceTitle "CBM 041 Extra"]
[Source "ChessBase"]
[SourceDate "1994.09.01"]
[SourceVersion "1"]
[SourceVersionDate "1994.09.01"]
[SourceQuality "1"]

1. e4 c5 2. Nf3 d6 3. d4 cxd4 4. Nxd4 Nf6 5. Nc3 a6 6. Be3 e6 7. Be2 Qc7 8. a4
b6 9. f4 Nbd7 10. Bf3 Bb7 11. Qe2 g6 12. O-O Bg7 13. e5 dxe5 14. fxe5 Nxe5 15.
Bxb7 Qxb7 16. Bh6 Bxh6 17. Qxe5 Bg7 18. Rxf6 O-O 19. Raf1 Rad8 20. Nf3 Bxf6 21.
Qxf6 b5 22. axb5 axb5 23. Ne5 Rd2 24. Rf2 Rxf2 25. Qxf2 b4 26. Nd1 Qd5 27. Nd3
Ra8 28. Qe2 Ra1 29. N3f2 Qd4 30. h3 Qxb2 31. Kh2 Qd4 32. Ne3 h5 33. g3 Ra2 34.
Qe1 h4 35. gxh4 Qxh4 36. Kg2 Qg5+ 37. Kf1 Qf4 38. Kg2 Ra3 39. Nfd1 Qe4+ 40. Kf2
Qh4+ 41. Ke2 Qh5+ 42. Kf2 Qxh3 43. Qxb4 Qh2+ 44. Ke1 Ra1 45. Qc3 Rb1 46. Qd4 e5
47. Qg4 Kg7 48. Nf5+ Kf6 49. Nfe3 Ra1 50. Qf3+ Kg7 51. Qg4 Qf4 52. Qh3 f5 53.
Ke2 Qd4 54. Qg2 Qd7 55. Nc3 f4 56. Ned5 Qf5 57. Ne4 f3+ 58. Qxf3 Re1+ 59. Kxe1
Qxf3 60. Ndf6 Qxf6 61. Nxf6 Kxf6 62. Kf2 g5 63. Kf3 Ke6 64. Ke4 g4 65. c4 Kd6
66. Ke3 Kc5 67. Kd3 g3 68. Ke3 e4 0-1

[Event "Novgorod"]
[Site "Novgorod"]
[Date "1994.??.??"]
[Round "2"]
[White "Ivanchuk, Vassily"]
[Black "Short, Nigel D"]
[Result "1/2-1/2"]
[WhiteElo "2695"]
[BlackElo "2665"]
[Annotator "Ftacnik,L"]
[PlyCount "124"]
[EventDate "1994.08.??"]
[EventType "tourn"]
[EventRounds "10"]
[EventCountry "RUS"]
[EventCategory "19"]
[SourceTitle "CBM 043"]
[Source "ChessBase"]
[SourceDate "1994.12.01"]
[SourceVersion "1"]
[SourceVersionDate "1994.12.01"]
[SourceQuality "1"]

1. e4 {Hecht} e5 2. Nf3 Nc6 3. Bb5 Nf6 4. O-O Be7 5. Re1 d6 6. d4 exd4 7. Nxd4
Bd7 8. Bf1 (8. Bxc6 bxc6 9. Nc3 O-O) 8... O-O 9. Nc3 Re8 10. b3 d5 $1 11. exd5
Bb4 $2 (11... Nb4 12. Bc4 Bc5 $132) 12. Rxe8+ Bxe8 13. Ndb5 Ne7 14. Bg5 Bxc3
15. Nxc3 Nexd5 16. Qe1 Nxc3 17. Qxc3 h6 18. Bc1 $1 (18. Bxf6 Qxf6 19. Qxf6 gxf6
$10) 18... Bc6 19. Bb2 Qd6 20. Re1 Re8 21. Rxe8+ Nxe8 22. f3 a6 23. a4 (23. Bd3
Bb5) 23... Nf6 24. Bd3 Qf4 $4 25. Bxa6 $1 bxa6 26. Qxc6 Qd2 27. h3 Qe3+ 28. Kf1
Qd2 29. Bxf6 gxf6 30. Qxc7 h5 31. h4 $6 Qd1+ 32. Kf2 Qd2+ 33. Kg3 Qe1+ 34. Kh3
Qh1+ 35. Qh2 Qd1 36. Qg3+ Kh7 37. Qf4 Kg7 (37... Qh1+ 38. Kg3 Qe1+ 39. Kh2 $18)
38. Qe4 a5 39. c4 $4 (39. Qc4 Qh1+ 40. Kg3 Qe1+ 41. Kh2 Qe5+ 42. Kh3 Qf5+ 43.
Kg3 Qe5+ 44. Kf2 $18) (39. Kg3 {Hecht Idee: Aktivieren des K} Qd6+ 40. Kf2 Qd2+
41. Qe2 Qd4+ 42. Qe3 Qxh4+ 43. Ke2 Qg3 44. Qf2 Qe5+ 45. Kd3 Qd5+ 46. Qd4 Qg5
$44 {Aktivieren des K unter P-Verlust und Schwäche g2.}) 39... Qxb3 40. c5 Qc3
41. Qd5 Qa1 42. Qc4 Qh1+ 43. Kg3 Qe1+ 44. Kh2 Qe5+ 45. Kh3 Qf5+ 46. Kg3 Qe5+
47. Kf2 Qb2+ 48. Ke3 Qxg2 49. c6 (49. Qc3 $5 {Hecht kontrolliert e5 und erst
dann c5 nebst evtl. K-Marsch via e4-d5-c5.}) 49... Qg1+ 50. Ke4 Qe1+ 51. Kd4
Qe5+ 52. Kd3 Qf5+ 53. Kd2 (53. Qe4 Qc5) (53. Ke2 $5 Qe5+ $13) 53... Qxf3 54. c7
(54. Qc3 {Hecht} Qd5+ 55. Ke3 Qe6+ 56. Kd4 Qd6+ $10) (54. Qc5 $5 {Hecht} Qg2+
55. Kd3 Qf3+ 56. Kc4 Qe2+ 57. Kd5 Qe5+ 58. Kc4 Qe2+ 59. Kb3 Qd1+ 60. Qc2 Qd5+
61. Kb2 Qe5+ 62. Qc3 Qe2+ 63. Ka3 Qe7+ $10 {? Analyse!}) 54... Qf2+ 55. Kd3
Qg3+ 56. Ke4 Qg4+ 57. Kd3 (57. Kd5 {Hecht} Qd7+ 58. Ke4 Qg4+) 57... Qg3+ 58.
Kc2 Qf2+ 59. Kb3 Qb6+ 60. Ka2 Qf2+ 61. Ka3 Qe3+ 62. Kb2 Qb6+ 1/2-1/2

[Event "Novgorod"]
[Site "Novgorod"]
[Date "1994.??.??"]
[Round "3"]
[White "Kasparov, Garry"]
[Black "Ivanchuk, Vassily"]
[Result "1/2-1/2"]
[WhiteElo "2805"]
[BlackElo "2695"]
[Annotator "Kharitonov,A"]
[PlyCount "48"]
[EventDate "1994.08.??"]
[EventType "tourn"]
[EventRounds "10"]
[EventCountry "RUS"]
[EventCategory "19"]
[SourceTitle "CBM 043"]
[Source "ChessBase"]
[SourceDate "1994.12.01"]
[SourceVersion "1"]
[SourceVersionDate "1994.12.01"]
[SourceQuality "1"]

1. e4 {Ribli} c5 2. Nf3 e6 3. d4 cxd4 4. Nxd4 a6 5. Nc3 Qc7 6. Bd3 Nc6 7. Be3
Nf6 8. O-O Ne5 9. h3 (9. f4 Neg4 10. Bc1 Bc5 11. Be2 (11. Nce2 e5 12. h3 exd4
13. hxg4 Nxg4 $17) 11... Qb6 12. Bxg4 Bxd4+ 13. Kh1 Bxc3 14. bxc3 Nxe4 $17)
9... Bc5 (9... b5 $6 10. f4 Nc4 11. Bxc4 Qxc4 12. Qd3 Bb7 13. a4 Qxd3 14. cxd3
b4 15. Nce2 Bc5 16. Kf2 d6 17. Nb3 Bxe3+ 18. Kxe3 a5 19. Ned4 $16 {Tal,
M-Kochyev,A/Leningrad/1977/1:0 (40)}) 10. Kh1 (10. f4 $6 Nc6 11. Nce2 (11. Be2
Qb6 12. Na4 Bxd4 13. Nxb6 Bxe3+ 14. Kh2 Bxb6 $17) 11... Qb6 12. c3 Qxb2) (10.
Qe2 d6 11. f4 Ng6 12. Rae1 O-O 13. Kh1 b5 14. Nb3 (14. Qf2 Bb7 (14... Bd7 $5)
15. f5 exf5 16. Nxf5 Bxe3 17. Rxe3 Qd8 18. Qg3 d5 $2 (18... Ne8 $142 19. h4 Kh8
20. h5 Ne5 $13) 19. e5 $40 {Liu,Sh-Veroci,Z/Tbilisi izt/ 1982/ 1:0 / 25}) 14...
Bxe3 15. Qxe3 Bb7 16. e5 $6 dxe5 17. fxe5 Nd7 18. Bxg6 hxg6 19. Nd4 Rad8 $17 {
Vakulienko,V-Kharitonov,A/Smolensk/1992/0:1 (51)}) 10... d6 11. f4 Ned7 (11...
Nc6 $2 12. e5 $1 $16 {Kasparov,G-Anand,V/Tilburg/1991/1:0 (29) Inf 53/181/}) (
11... Ng6 {Ribli} 12. Qd2 Bd7 $13 {Topalov,V-Haba,P/Budapest zt-B/1993/CBM34/})
12. a3 (12. Qf3 b5 13. Nb3 (13. Qg3 {Ribli} Bb7 14. a3 O-O 15. Qh4 $6 Qb6 16.
Qf2 e5 $15 {Smagin,S-Matulovic,M/Jugoslavija/1992/INF54,188/}) 13... Bb7 14. a4
b4 15. Ne2 $13 {Tal,M-Najdorf,M/Belgrade(m/1)/1970/0,5 (41)}) (12. a4 {Ribli}
b6 13. Qe1 Bb7 14. Qg3 g6 15. Rae1 Nh5 16. Qf2 O-O $13 {Short,N-Ribli,Z/
Brussels SWIFT 25`/1992/EXP29/}) 12... O-O 13. Qe1 Qb6 $6 (13... b5 $142 {Ribli
} 14. Qh4 Qb6 15. Qf2 e5 16. Nf5 g6 $13 17. fxe5 dxe5 18. Ne7+ Kg7 19. Ncd5
Nxd5 20. Nxd5 Qd6 $13) 14. Qf2 (14. Na4 $5 Qc7 (14... Qa7 15. Nxc5 dxc5 (15...
Nxc5 16. b4 Nxd3 17. cxd3 $16) 16. Nf3 $16) 15. b4 (15. Qh4 $13 {Ribli}) 15...
Ba7 (15... Bxd4 16. Bxd4 b5 17. Nc3 e5 18. Be3 exf4 19. Rxf4 $14) 16. c4 $14)
14... e5 (14... Qxb2 $2 15. Na4 $18) 15. fxe5 (15. Na4 $6 exd4 16. Nxb6 dxe3
$17) (15. Nf5 $5 Bxe3 16. Qxe3 Qxe3 17. Nxe3 $14) 15... dxe5 16. Nf5 (16. Na4
$6 exd4 (16... Qd8 $1 17. Nf5 (17. Nxc5 $2 Nxc5 18. Nc6 $2 Nxd3 $19) 17... Bxe3
18. Qxe3 b5 19. Nc3 Bb7 $13) 17. Nxb6 dxe3 18. Nxd7 exf2 19. Nxc5 $16 (19. Nxc5
{Ribli} Re8 20. Rxf2 b6 21. Nb3 Nxe4 $10)) 16... Bxe3 17. Nxe3 $6 (17. Qxe3
$142 Qxe3 18. Nxe3 b5 (18... b6 19. Nc4 $14) 19. b4 Bb7 20. a4 $14) 17... Qxb2
$1 18. Ned5 Nxd5 19. Nxd5 b5 (19... Qd4 $5 20. Qg3 (20. Ne7+ {Ribli} Kh8 21.
Qxd4 exd4 22. Nf5 Ne5 23. Nxd4 Rd8 24. Nf3 Nxf3 25. Rxf3 Be6 $10) 20... Qc5 21.
Rf3 f6 22. Raf1 Kh8 {/\ Qd6, Nc5-/+}) 20. Qg3 (20. Rfb1 {Ribli} Qd4 21. Qxd4
exd4 22. a4 Bb7 $10) 20... Nc5 $2 (20... Bb7 $2 21. Rfb1 Qd4 22. Ne7+ Kh8 23.
Nf5 $18) (20... Kh8 $5 21. Qh4 f6 22. Ne7 Rf7 23. Nf5 Nf8 $17) 21. Rab1 (21.
Nf6+ $2 Kh8 22. Qh4 (22. Nh5 Ne6 $17) 22... h6 $17 (22... h6 {Ribli} 23. Nh5
Be6 24. Qg3 Rg8 $15)) 21... Qxa3 22. Ra1 Qb2 23. Rab1 Qa3 (23... Qd4 $4 24. Rb4
$18) 24. Ra1 Qb2 1/2-1/2

[Event "Tilburg"]
[Site "Tilburg"]
[Date "1994.??.??"]
[Round "6"]
[White "Salov, Valery"]
[Black "Ivanchuk, Vassily"]
[Result "1/2-1/2"]
[WhiteElo "2710"]
[BlackElo "2695"]
[Annotator "Stohl,I"]
[PlyCount "82"]
[EventDate "1994.09.??"]
[EventType "k.o."]
[EventRounds "7"]
[EventCountry "NED"]
[SourceTitle "CBM 044"]
[Source "ChessBase"]
[SourceDate "1995.02.01"]
[SourceVersion "1"]
[SourceVersionDate "1995.02.01"]
[SourceQuality "1"]

1. d4 g6 2. Nf3 Bg7 3. e4 d6 4. Be2 Nf6 5. Nc3 O-O 6. O-O c6 7. Re1 Nbd7 8. e5
(8. a4 e5 9. Bf1 exd4 10. Nxd4 Nc5 11. Bf4 Re8 12. f3 Nh5 13. Be3 Be5 14. g3
Nxg3 $5 15. hxg3 Bxg3 16. Nde2 $1 Bxe1 17. Qxe1 f5 18. Bxc5 dxc5 19. Qf2 Qg5+
20. Bg2 f4 21. Re1 Be6 22. Nc1 Rad8 23. Nd3 $13 {Kaminski,M-Sznapik,A/POL-chT/
1993/}) 8... Ne8 (8... dxe5 9. dxe5 Ng4 10. e6 $5 fxe6 11. Bc4 (11. h3 Nge5 12.
Nxe5 Nxe5 13. Qxd8 Rxd8 14. Bf4 Nf7 15. Rad1 Rxd1 16. Rxd1 Bxc3 17. bxc3 e5 18.
Be3 Be6 19. a4 Nd6 20. a5 Ne4 21. Bg4 Bxg4 22. hxg4 $44 {Rosentalis,
E-Azmayparashvili,Z/Lvov zt/1990/}) 11... Nde5 12. Qxd8 Rxd8 13. Nxe5 Bxe5 14.
h3 Bxc3 15. bxc3 Nf6 16. Bh6 Kf7 17. Bb3 a5 18. a4 b5 19. c4 bxc4 20. Bxc4 Rd4
21. Bb3 Nd5 22. Re5 Bd7 23. Rae1 $44 {Benjamin,J-Piket,J/Groningen PCA/1993/})
9. Bf4 (9. Bf1 dxe5 10. dxe5 Nc7 $10) (9. h3 dxe5 10. dxe5 Nc7 11. Bf1 Ne6 12.
a4 Qc7 13. Qe2 a5 14. b3 b6 15. Qe3 Ba6 16. Bxa6 Rxa6 17. Bb2 Raa8 18. Ne2 Rfd8
19. Ned4 Ndc5 20. Rad1 Rab8 $10 {Stohl,I-Gelfand,B/Dortmund/1990/}) 9... dxe5
10. dxe5 Nc7 11. Ne4 $6 (11. Bc4 Nb6 $10) (11. Qc1 $5 Nc5 (11... Ne6 12. Bh6
Qa5 $5 $132) 12. Rd1 Qe8 13. Qe3 b6 14. Bh6 Bb7 15. Rd4 f6 16. Bc4+ N5e6 17.
exf6 Rxf6 18. Bxg7 Kxg7 19. Re4 c5 20. Rxe6 $16 {Abramovic,B-Schussler,H/Palma
GMA-op/1989/}) 11... Ne6 12. Bg3 {ץg3} Qa5 $10 {><e5} 13. Qd2 $8 Qxd2 14.
Nexd2 Rd8 15. Nc4 {/\Na5()} b6 16. a4 c5 17. c3 Bb7 18. h4 Bh6 (18... Ndf8 19.
Ng5 $5 $10) 19. Nh2 Ndf8 20. Ng4 Bf4 21. Bxf4 Nxf4 22. Bf1 (22. f3 N8e6 $15)
22... h5 23. Nge3 N8e6 24. f3 $1 (24. g3 Nd5 $15 {><f3}) 24... Kf8 25. Red1 (
25. Kf2 $10) 25... Bc6 26. g3 Nd5 27. Kf2 Nxe3 28. Rxd8+ $8 (28. Kxe3 $2 Rxd1
29. Rxd1 Bxa4 $17) 28... Rxd8 29. Kxe3 Ke8 30. Be2 Nc7 31. Bd1 Bd5 32. Nd2 Bb7
33. Bb3 Nd5+ 34. Ke2 (34. Bxd5 $6 Rxd5 35. f4 f6 $15) 34... Ba6+ 35. Bc4 Bxc4+
36. Nxc4 Kd7 37. Kd3 Ke6 38. Ke4 f5+ (38... Nc7 39. Re1 $10) 39. exf6 exf6 40.
Re1 $1 (40. f4 Ne7 $1 $15 {/\Nf5,><g3}) 40... Kf7 41. Rg1 $10 Ke6 (41... Ke6
42. Re1 $10) (41... f5+ $6 42. Ke5 $36 {/\Nd6}) 1/2-1/2